Catálogo

Vista normal Vista MARC

Entrada Personal Name

Número de registros utilizados en: 1

001 - CONTROL NUMBER

  • control field: 6800

003 - CONTROL NUMBER IDENTIFIER

  • control field: OSt

005 - DATE AND TIME OF LATEST TRANSACTION

  • control field: 20180716125006.0

008 - FIXED-LENGTH DATA ELEMENTS

  • fixed length control field: 180312 a|ac|n|aab||||||||||||a |n|||||||

040 ## - CATALOGING SOURCE

  • Original cataloging agency: Mx-PuUPA
  • Language of cataloging: spa
  • Description conventions: rda
  • Transcribing agency: Mx-PuUPA
  • Modifying agency: Mx-PuUPA

100 1# - HEADING--PERSONAL NAME

  • Personal name: Takahashi Monroy, Takeshi,

372 ## - FIELD OF ACTIVITY

  • Field of activity: Medicina

374 ## - OCCUPATION

  • Occupation: Proctólogo
  • Occupation: Investigador
  • Occupation: Profesor

375 ## - GENDER

  • Gender: hombre

377 ## - ASSOCIATED LANGUAGE

  • Language code: spa

400 1# - SEE FROM TRACING--PERSONAL NAME

  • Personal name: Monroy, Takeshi Takahashi

670 ## - SOURCE DATA FOUND

  • Source citation: Cirugía, bases clínicas y prácticas, ©2002